Normal view
MARC view
- Das, B.R
Entry Personal Name
001 - CONTROL NUMBER
- control field: 86690
003 - CONTROL NUMBER IDENTIFIER
- control field: NUST
005 - DATE AND TIME OF LATEST TRANSACTION
- control field: 20211215160153.0
008 - FIXED-LENGTH DATA ELEMENTS
- fixed length control field: 211215|| aca||aabn | a|a d
040 ## - CATALOGING SOURCE
- Original cataloging agency: NUST
- Transcribing agency: NUST
100 ## - HEADING--PERSONAL NAME
- Personal name: Das, B.R
670 ## - SOURCE DATA FOUND
- Source citation: Work cat.: (NUST)32701: Das, B.R., I.T.I Workshop Science, 2002.
